Top 15 Covid-19 getroffen landen - 3 november 2021 - Statistieken

Algemene statistieken
  • Deze quiz is 11 keer genomen
  • De gemiddelde score is 15 van 27
Antwoordstatistieken
land % Correct
Verenigde Staten
100%
Brazilië
91%
Mexico
91%
Nederland
91%
Spanje
91%
Verenigd Koninkrijk
91%
België
82%
Duitsland
82%
Frankrijk
82%
Italië
82%
Argentinië
73%
India
73%
Rusland
73%
Colombia
45%
Iran
45%
Turkije
45%
Indonesië
36%
Kroatië
36%
Slovenië
36%
Estland
27%
Israël
27%
Letland
27%
Servië
27%
Tsjechië
27%
Georgië
18%
Litouwen
18%
Bahrein
9%
Geen overeenkomende quizzen gevonden
Scoreverdeling
Procent van Mensen met Elke Score
Percentiel versus Aantal Correcte Antwoorden
Uw Scoregeschiedenis
U heeft deze quiz nog niet genomen